[Event "41st POL-ch"]
[Site "Poznan POL"]
[Date "1984.02.??"]
[Round "15"]
[White "Stempin, Pawel"]
[Black "Nowak, Ignacy"]
[Result "1-0"]
[WhiteElo "2400"]
[BlackElo "2360"]
[EventDate "1984.02.12"]
[PlyCount "57"]

1.d4 Nf6 2.c4 g6 3.Nc3 Bg7 4.e4 d6 5.Be2 O-O 6.Nf3 e5 7.Bg5 h6 8.Bh4 exd4 
9.Nxd4 Nc6 10.Nc2 Re8 11.f3 Be6 12.O-O g5 13.Bf2 Nd7 14.Qd2 Nde5 15.b3 f5 
16.exf5 Bxf5 17.Ne3 Bh7 18.Ned5 Kh8 19.f4 gxf4 20.Nxf4 Bf6 21.Ncd5 Bg5 22.
h4 Bxf4 23.Qxf4 Ng6 24.Qd2 Nxh4 25.Bxh4 Qxh4 26.Nxc7 Be4 27.Nxe8 Rxe8 28.
Qxd6 Kg7 29.Rf4 1-0

[Event "41st POL-ch"]
[Site "Poznan POL"]
[Date "1984.02.??"]
[Round "15"]
[White "Ksieski, Zbigniew"]
[Black "Balicki, Cezary"]
[Result "1/2-1/2"]
[WhiteElo "2400"]
[BlackElo "2230"]
[EventDate "1984.02.12"]
[PlyCount "49"]

1.d4 Nf6 2.c4 e6 3.Nf3 b6 4.Nc3 Bb4 5.e3 O-O 6.Bd3 Bb7 7.O-O c5 8.a3 Bxc3 
9.bxc3 d6 10.Nd2 Nc6 11.f4 Ne7 12.Qc2 d5 13.dxc5 bxc5 14.cxd5 Qxd5 15.e4 
Qc6 16.Nc4 Rfd8 17.Ne5 Qd6 18.Rf3 Ng6 19.Rb1 Ba6 20.c4 Nxe5 21.fxe5 Qd4+ 
22.Kh1 Ng4 23.Bb2 Nf2+ 24.Kg1 Nh3+ 25.Kh1 1/2-1/2

[Event "41st POL-ch"]
[Site "Poznan POL"]
[Date "1984.02.??"]
[Round "15"]
[White "Flis, Jacek"]
[Black "Szymczak, Zbigniew"]
[Result "1/2-1/2"]
[WhiteElo "2360"]
[BlackElo "2355"]
[EventDate "1984.02.12"]
[PlyCount "22"]

1.e4 e5 2.Nf3 Nc6 3.Bc4 Be7 4.O-O Nf6 5.d3 O-O 6.Re1 d6 7.c3 Na5 8.Nbd2 c6
9.h3 Ne8 10.b4 Nxc4 11.Nxc4 f5 1/2-1/2